Statistics for U.S. Geography by Letter - D

Click here to take the quiz!

General Stats

  • This quiz has been taken 193 times
  • The average score is 15 of 20

Answer Stats

HintAnswer% Correct
The First StateDelaware
100%
"The Mile High City"Denver
98%
Neighbor of Fort WorthDallas
95%
Lowest and hottest placeDeath Valley
93%
Formerly known as Mount McKinleyDenali
92%
The U.S. bought its Virgin Islands
from this country
Denmark
92%
Anaheim's main theme parkDisneyland
91%
The biggest city in IowaDes Moines
89%
Capital of the aboveDover
85%
Indian tribe for which two states
are named
Dakota
81%
Ohio city where Balkan
peace accords were signed
Dayton
72%
Dolly Parton's theme parkDollywood
70%
Minnesota city on Lake SuperiorDuluth
68%
City whose name is French for "strait"Detroit
67%
Ivy League college of New HampshireDartmouth
60%
City in North Carolina's Research TriangleDurham
58%
Style of blues music
that originated in Mississippi
{Delta} Blues
50%
Nation's first national monument{Devils} Tower
38%
Frontier mining town in SD;
subject of an HBO series
Deadwood
36%
Small island chain of Florida established
as a national park in 1935
Dry Tortugas
21%

Score Distribution

Percentile by Number Answered

Percent of People with Each Score

Your Score History

You have not taken this quiz